Normal view
MARC view
- Tombs
Entry Topical Term
001 - CONTROL NUMBER
- control field: 3939
003 - CONTROL NUMBER IDENTIFIER
- control field: NUST
005 - DATE AND TIME OF LATEST TRANSACTION
- control field: 20170817105631.0
008 - FIXED-LENGTH DATA ELEMENTS
- fixed length control field: 170817|| aca||aabn | a|a d
040 ## - CATALOGING SOURCE
- Original cataloging agency: NUST
- Transcribing agency: NUST
150 ## - HEADING--TOPICAL TERM
- Topical term or geographic name entry element: Tombs
- Geographic subdivision: Pakistan
- Geographic subdivision: Balochistān.
670 ## - SOURCE DATA FOUND
- Source citation: Work cat.: (NUST)0: Ḥasan, Muḥammad ʻUsmān. 3938, Baluchistan in retrospect /, 2002.
